000 00318nam a2200133Ia 4500
008 240624s9999 xx 000 0 und d
041 _aeng
082 _a891.4608 KHA
100 _aKHANDEKAR V S
245 _aYAYATI
260 _c2006
_aPune
_bMehta Publishing House
300 _a419 : p. : cm. ; 21
365 _cRS
_b20
999 _c6928
_d6928